Tilde, tilde, cruz /
La novela se desarrolla en Villa Epecuén, famosa localidad bonaerense que quedó sumergida tras la crecida del lago homónimo. La protagonista queda al cuidado de su padre, y su mirada es deformada por su obsesión por las colecciones y las mentiras que se cuenta sobre el mundo. Una novela que va en in...
Guardado en:
| Autor Principal: | |
|---|---|
| Formato: | Libro |
| Idioma: | Undetermined |
| Publicado: |
Rosario :
Beatriz Viterbo,
2023.
|
| Edición: | 1a ed. |
| Series: | Identidades bonaerenses
Ficciones |
| Materias: | |
| Etiquetas: |
Agregar Etiqueta
Sin Etiquetas, Sea el primero en etiquetar este registro!
|
| LEADER | 01952nam a22002895a 4500 | ||
|---|---|---|---|
| 001 | CEM.cems024822 | ||
| 008 | 250718s2023####ag############000#0#und#d | ||
| 005 | 20250818122631.0 | ||
| 245 | 1 | 0 | |a Tilde, tilde, cruz / |c Fernando Chulak. |
| 250 | |a 1a ed. | ||
| 260 | |a Rosario : |b Beatriz Viterbo, |c 2023. | ||
| 300 | |a 243 p. | ||
| 490 | 1 | |a Identidades bonaerenses | |
| 490 | 1 | |a Ficciones | |
| 500 | |a Edición especial de la Dirección de Cultura y Educación de la Provincia de Buenos Aires. | ||
| 500 | |a A partir de ciclo orientado (Requiere acompañamiento docente). | ||
| 520 | |a La novela se desarrolla en Villa Epecuén, famosa localidad bonaerense que quedó sumergida tras la crecida del lago homónimo. La protagonista queda al cuidado de su padre, y su mirada es deformada por su obsesión por las colecciones y las mentiras que se cuenta sobre el mundo. Una novela que va en in crescendo hasta un final, quizás, trágico. Dice Martín Kohan de esta novela: "Fernando Chulak cuenta la historia de una fabulación, del poder que las fabulaciones pueden llegar a tener. Pero no el poder de persuadir, encubrir, engañar, sugestionar. Sino un poder mayor: ese que hace que la fabulación, aun develada, quiera pese a todo mantenerse. Mantenerse precisamente así: como fabulación." Una mujer simula cuidar a su padre, que ya murió, en un pueblo casi fantasma. Novela engañosa con una narradora que, como un mago, distrae y confunde a cada paso. | ||
| 020 | |a 9789508454263 | ||
| 100 | 1 | |a Chulak, Fernando. | |
| 653 | |a Narrativa argentina | ||
| 653 | |a Literatura argentina | ||
| 653 | |a Novela argentina | ||
| 653 | |a Identidades bonaerenses | ||
| 859 | |a CEMS |b BIB. CEMS - Agricultura |h A863.4 |i C559 |p A3915.25 |t Ej.1 | ||
| 859 | |a CEMS |b BIB. CEMS - Ccias. Educacion |h A863.4 |i C559 |k CE |p 30374.25 |t Ej.1 | ||
| 859 | |a CEMS |b BIB. CEMS - 11 de abril |h A863.4 |i C559 |p 30372.25 |t Ej.1 | ||
| 859 | |a CEMS |b BIB. CEMS - 11 de abril |h A863.4 |i C559 |p 30373.25 |t Ej.2 | ||
